000 00718nam a2200217Ia 4500
003 GCL
008 140319s9999 xx 000 0 ara d
020 _a0061329957
040 _aGCL /
_cGCL
082 0 4 _a363.7
_bر ا
100 1 _aراتب السعود
245 1 0 _aالانسان والبيئة :
_bدراسة فى التربية البيئية /
_cراتب السعود
260 _aالاردن :
_bدار الحامد للنشر والتوزيع ،
_c2004
300 _a263 ص ؛
_c24 سم
650 0 4 _aالبيئة
650 0 4 _aتلوث البيئة
650 0 4 _aحماية البيئة
650 0 4 _aالانفجار السكانى
650 0 4 _aالبيئة والانسان
942 _2ddc
_cBK
999 _c7395
_d7395